1779 1020 1430 1660 1707 1370 1945 1089 1359 1773 1849 1177 1616 1345 1465 1986 1705 1375 1905 1558 1492 1009 1623 1378 1311 1181 1481 1455 1283 1089 1984 1992 1080 1824 1402 1596 1310 1330 1704 1914 1860 1175 1454 1438 1430 1485 1602 1101 1844 1668 1306 1139 1869 1549 1177 1588 1558 1378 1393 1748 1342 1236 1710 1627 1262 1800 1558 1184 1408 2000 1196 1623 1351 1766 1816 1568 1747 1102 1142 1009 1023 1974 1748 1008 1892 1741 1595 1843 1364 1691 1121 1338 1064 1323 1170 1611 1141 1777 1743 BCNSPRNW ULIB Ver.6.0+V

เปลี่ยนเป็นภาษาไทย

Change to English
 แสดงรายละเอียดบรรณานุกรม
  กลับหน้าหลัก

Brief Record : Get Marc (ISO 2709) : E-mail record : QR code < ปิดหน้าต่าง
LEADER : 00000nam 2200000uu 4500
001    13399112841
003     ULIB
008    110913s2550||||th 000 0 tha d
020    9789749985298
050  4 BQ4190^bว111ค 2550
100 0  ว. วชิรเมธี
245 10 ธรรมะสบายใจ /^cว. วชิรเมธี
250    พิมพ์ครั้งที่ 8
260    กรุงเทพฯ :^bอมรินทร์,^c2550
300    237 หน้า :^bภาพประกอบ ;^c17 ซม.
440  0 ธรรมะประยุกต์สำหรับคนรุ่นใหม่ ;^vลำดับที่ 7
500    LISI มีพิมพ์ครั้งที่ 14, 2550
650  4 ธรรมะ
650  4 ความสุข^xแง่ศาสนา^xพุทธศาสนา
650  4 การดำเนินชีวิต
653    Open Your Eyes Project
945    ^p160^l0^i14477
995    กัณชพร
999 ^a ใช้งานได้ทุกระบบ
รายการนี้ยังไม่มีแท็ก
คุณยังไม่ได้ล็อกอิน คุณสามารถมีกิจกรรมร่วมกับเว็บไซต์ได้ แต่ต้องล็อกอินก่อน ::
  ล็อกอิน

รายการสื่อสารสนเทศ

ลำดับที่ ประเภท เลขเรียก/บาร์โค้ด สถานที่ สถานะ
- ไม่พบข้อมูล -

รายการใกล้เคียง
    ผู้แต่ง [ว. วชิรเมธี]

    หัวเรื่อง [ธรรมะ]
    หัวเรื่อง [การดำเนินชีวิต]

BibComment


ยังไม่เคยถูกคอมเมนท์

คอมเมนท์ทรัพยากรรายการนี้
  คอมเมนท์: ธรรมะสบายใจ ว วช..


 Copyright 2026. Bcnsprnw @Library